[Event "3rd 4NCL Easter Congress"]
[Site "Mercure Daventry Court Hotel"]
[Date "2023.04.09"]
[Round "5"]
[Board "13"]
[White "Shivakumar, Akshath"]
[Black "Borissow, Alastair"]
[Result "1-0"]
[WhiteElo "1408"]
[BlackElo "1346"]
[PlyCount "137"]
[EventDate "2023.04.07"]
[EventRounds "7"]
[EventCountry "ENG"]

1. d4 c6 2. c4 Nf6 3. Nf3 d5 4. g3 Bf5 5. Bg2 e6 6. O-O Be7 7. Nbd2 O-O 8. b3 Nbd7
9. Bb2 Ne4 10. Nxe4 Bxe4 11. Nd2 Bxg2 12. Kxg2 Nf6 13. f3 Nh5 14. e4 Bb4 15. e5 g6
16. f4 Ng7 17. Qe2 Qa5 18. Nb1 Rad8 19. a3 Be7 20. b4 Qb6 21. c5 Qa6 22. Qxa6 bxa6
23. Nd2 Nf5 24. Rae1 Rb8 25. Nb3 Bd8 26. Bc3 Bc7 27. Rf3 Rb7 28. Rd3 Rfb8 29. Ra1
a5 30. Ra2 Kg7 31. g4 Ne7 32. h3 a4 33. Nd2 h5 34. Nb1 Rh8 35. Be1 hxg4 36. hxg4
Rbb8 37. Nc3 Rh7 38. Rh3 Rbh8 39. Rxh7+ Rxh7 40. Nxa4 f5 41. g5 Rh8 42. Nc3 Rh7 43.
a4 Rh8 44. b5 Rb8 45. Rb2 Ba5 46. Rb3 a6 47. b6 Rb7 48. Bf2 Nc8 49. Na2 Bd2 50. Kg3
Kg8 51. Nb4 Bxb4 52. Rxb4 Kf8 53. Rb1 Kg7 54. Kf3 Ne7 55. Ke3 a5 56. Be1 Ng8 57.
Bxa5 Ne7 58. Bc3 Nc8 59. a5 Rb8 60. a6 Kf7 61. a7 Nxa7 62. bxa7 Ra8 63. Rb7+ Ke8
64. Rh7 Rxa7 65. Rxa7 Kd8 66. Rg7 Ke8 67. Rxg6 Kf8 68. Rf6+ Kg7 69. Rxe6  1-0

[Event "3rd 4NCL Easter Congress"]
[Site "Mercure Daventry Court Hotel"]
[Date "2023.04.09"]
[Round "5"]
[Board "14"]
[White "Gunarathne, Miheli"]
[Black "Morris, Nigel W"]
[Result "0-1"]
[WhiteElo "873"]
[BlackElo "1366"]
[PlyCount "72"]
[EventDate "2023.04.07"]
[EventRounds "7"]
[EventCountry "ENG"]

1. e4 c5 2. Nf3 d6 3. d4 cxd4 4. Bc4 e6 5. Qxd4 a6 6. e5 Nc6 7. Qd1 Nxe5 8. Nxe5
Qa5+ 9. Nc3 Qxe5+ 10. Be3 Bd7 11. O-O Nf6 12. f4 Qxe3+ 13. Kh1 Be7 14. f5 O-O 15.
Re1 Qc5 16. fxe6 Bxe6 17. Bxe6 fxe6 18. Rxe6 Qc7 19. Qe2 Rae8 20. Rf1 Qd7 21. Ne4
Qxe6 22. Nxf6+ Bxf6 23. Qxe6+ Rxe6 24. a3 Rfe8 25. h3 Re1 26. Rxe1 Rxe1+ 27. Kh2
Be5+ 28. g3 Re2+ 29. Kh1 Rxc2 30. b4 d5 31. Kg1 d4 32. Kf1 Bxg3 33. Kg1 d3 34. Kf1
Bh4 35. Kg1 d2 36. Kf1 d1=Q#  0-1

[Event "3rd 4NCL Easter Congress"]
[Site "Mercure Daventry Court Hotel"]
[Date "2023.04.09"]
[Round "5"]
[Board "15"]
[White "Veeturi, Yashvardhan"]
[Black "Goldsmith, Jennifer"]
[Result "1-0"]
[WhiteElo "1183"]
[BlackElo "1281"]
[PlyCount "82"]
[EventDate "2023.04.07"]
[EventRounds "7"]
[EventCountry "ENG"]

1. e4 c6 2. Nc3 d5 3. Nf3 dxe4 4. Nxe4 Bg4 5. h3 Bxf3 6. Qxf3 e6 7. c3 Be7 8. d4
Nf6 9. Nxf6+ Bxf6 10. Bc4 Nd7 11. O-O O-O 12. Re1 Re8 13. Bf4 Nb6 14. Bb3 Nd5 15.
Bxd5 cxd5 16. Qd1 Qb6 17. Qb3 Qxb3 18. axb3 a6 19. Ra5 Rac8 20. Rea1 Bd8 21. R5a4
Bc7 22. Bxc7 Rxc7 23. Ra5 Rec8 24. b4 Kf8 25. Kf1 g6 26. Ke2 Ke7 27. b5 axb5 28.
Rxb5 Rd7 29. Ra7 Rb8 30. Kd3 Rc7 31. Kc2 Kf8 32. Kb3 Ke8 33. Kb4 Kd8 34. Rc5 Ke8
35. Kb5 Kd7 36. Kb6 Rxc5 37. dxc5 Kc8 38. b4 f6 39. c6 bxc6+ 40. Kxc6 h6 41. Rh7
h5  1-0

[Event "3rd 4NCL Easter Congress"]
[Site "Mercure Daventry Court Hotel"]
[Date "2023.04.09"]
[Round "5"]
[Board "16"]
[White "Loyden, Gary"]
[Black "Smith, Adam"]
[Result "1/2-1/2"]
[WhiteElo "1444"]
[BlackElo "1598"]
[PlyCount "57"]
[EventDate "2023.04.07"]
[EventRounds "7"]
[EventCountry "ENG"]

1. e4 c6 2. d4 d5 3. exd5 cxd5 4. Nf3 Nc6 5. c3 Bg4 6. Be2 Nf6 7. Nbd2 e6 8. O-O
Bd6 9. Re1 Qc7 10. h3 Bf5 11. Nf1 e5 12. dxe5 Nxe5 13. Nxe5 Bxe5 14. Bb5+ Kf8 15.
Bg5 Rd8 16. Qe2 Bd6 17. Bh4 Qb6 18. Ne3 Be6 19. Ba4 h6 20. Bxf6 gxf6 21. Bb3 Bc7
22. Rad1 Qd6 23. Nf1 Rg8 24. Qh5 Qc5 25. Qxh6+ Ke7 26. Qe3 Qc6 27. Qd3 d4 28. Qe4
Be5 29. Qxc6  1/2-1/2

[Event "3rd 4NCL Easter Congress"]
[Site "Mercure Daventry Court Hotel"]
[Date "2023.04.09"]
[Round "5"]
[Board "17"]
[White "Scorer, David M"]
[Black "Tomy, Jake"]
[Result "0-1"]
[WhiteElo "1269"]
[BlackElo "1306"]
[PlyCount "44"]
[EventDate "2023.04.07"]
[EventRounds "7"]
[EventCountry "ENG"]

1. d4 d5 2. c4 e6 3. Nc3 c5 4. cxd5 cxd4 5. Qxd4 Nf6 6. Nf3 exd5 7. Bg5 Nc6 8. Qd1
d4 9. Ne4 Be7 10. Nxf6+ Bxf6 11. Bxf6 Qxf6 12. g3 d3 13. exd3 Qxb2 14. Bg2 Qc3+ 15.
Ke2 Bg4 16. h3 Nd4+ 17. Kf1 Bxf3 18. Bxf3 Nxf3 19. Qa4+ Qc6 20. Qxc6+ bxc6 21. Kg2
Nd4 22. Rhe1+ Ne6  0-1

[Event "3rd 4NCL Easter Congress"]
[Site "Mercure Daventry Court Hotel"]
[Date "2023.04.09"]
[Round "5"]
[Board "19"]
[White "Fisher, Neal"]
[Black "Mehmood, Muhammed"]
[Result "0-1"]
[WhiteElo "1519"]
[BlackElo "1387"]
[PlyCount "96"]
[EventDate "2023.04.07"]
[EventRounds "7"]
[EventCountry "ENG"]

1. d4 Nf6 2. Nf3 g6 3. Bf4 Bg7 4. e3 O-O 5. h4 h5 6. c3 Nc6 7. Be2 d6 8. Nh2 e5 9.
Bg5 exd4 10. cxd4 b6 11. g4 Bb7 12. Rg1 Qd7 13. gxh5 Ne4 14. Bf4 Ne7 15. Bc4 d5 16.
Bd3 c5 17. hxg6 Nxg6 18. Qg4 Qxg4 19. Rxg4 Nxf4 20. Rxf4 cxd4 21. Bxe4 dxe4 22. exd4
Bxd4 23. Nc3 Kh7 24. O-O-O Be5 25. Rf5 Bxh2 26. Rh1 Bc7 27. Rg1 Kh6 28. Rgg5 f6 29.
Rh5+ Kg6 30. Nd5 Bxd5 31. Rxd5 Rh8 32. Rxh8 Rxh8 33. Rd7 Bf4+ 34. Kc2 a5 35. Rb7
Rxh4 36. Rxb6 Rh2 37. Kd1 Rxf2 38. Ke1 Rd2 39. Rb5 f5 40. Rxa5 Rxb2 41. Ra4 Kg5 42.
Ra8 Bg3+ 43. Kf1 Kf4 44. Ra3 e3 45. Ra4+ Kg5 46. Ra8 e2+ 47. Kg2 e1=Q+ 48. Kh3 Rh2#
 0-1

[Event "3rd 4NCL Easter Congress"]
[Site "Mercure Daventry Court Hotel"]
[Date "2023.04.09"]
[Round "5"]
[Board "20"]
[White "Wallman, James"]
[Black "Bangalore Kumar, Rohith"]
[Result "0-1"]
[WhiteElo "1517"]
[BlackElo "1228"]
[PlyCount "72"]
[EventDate "2023.04.07"]
[EventRounds "7"]
[EventCountry "ENG"]

1. e4 e5 2. Nf3 Nc6 3. Bc4 Nf6 4. d3 Bc5 5. c3 d5 6. exd5 Nxd5 7. b4 Bb6 8. b5 Na5
9. Nxe5 Qf6 10. O-O O-O 11. Nf3 Nxc4 12. dxc4 Nxc3 13. Qc2 Ne2+ 14. Qxe2 Qxa1 15.
Bb2 Qxa2 16. Nc3 Qb3 17. Ra1 Be6 18. Ne5 Qb4 19. Ra4 Qd6 20. Nd3 Rad8 21. Ne5 Bd4
22. Nf3 Bxc3 23. Bxc3 Rfe8 24. Ra1 Qd3 25. Qb2 Bxc4 26. h3 Bxb5 27. Bxg7 Bc6 28.
Bh6 Qg6 29. Be3 Bxf3 30. g3 Rxe3 31. fxe3 Qxg3+ 32. Kf1 Qxh3+ 33. Kg1 Qh1+ 34. Kf2
Qg2+ 35. Ke1 Qxb2 36. Rxa7 Qe2#  0-1

[Event "3rd 4NCL Easter Congress"]
[Site "Mercure Daventry Court Hotel"]
[Date "2023.04.09"]
[Round "5"]
[Board "21"]
[White "Merrifield, Peter"]
[Black "Kathuria, Dhruv"]
[Result "0-1"]
[WhiteElo "1076"]
[BlackElo "1456"]
[PlyCount "66"]
[EventDate "2023.04.07"]
[EventRounds "7"]
[EventCountry "ENG"]

1. e4 e5 2. Nf3 Nc6 3. d4 exd4 4. Nxd4 Bc5 5. Be3 Qf6 6. c3 Nge7 7. Bc4 O-O 8. O-O
d6 9. Nd2 Ne5 10. Be2 d5 11. exd5 Nxd5 12. Ne4 Qb6 13. Nxc5 Nxe3 14. fxe3 Qxc5 15.
Qc2 Qe7 16. Rad1 Ng4 17. Bxg4 Qxe3+ 18. Kh1 Bxg4 19. Rd3 Qe7 20. Rg3 Bd7 21. Nf5
Bxf5 22. Qxf5 Qe6 23. Qg4 Qxg4 24. Rxg4 Rfe8 25. Rgf4 f6 26. Rg4 Re2 27. Rb4 b6 28.
Rb1 Rd8 29. Rd4 Rxd4 30. cxd4 Rd2 31. Re1 Rxd4 32. Re8+ Kf7 33. Rc8 Rd1#  0-1

[Event "3rd 4NCL Easter Congress"]
[Site "Mercure Daventry Court Hotel"]
[Date "2023.04.09"]
[Round "5"]
[Board "22"]
[White "Dargue, Peter W"]
[Black "Mikalajunas, Mindaugas"]
[Result "0-1"]
[WhiteElo "1339"]
[BlackElo "1286"]
[PlyCount "88"]
[EventDate "2023.04.07"]
[EventRounds "7"]
[EventCountry "ENG"]

1. e4 e5 2. Nf3 Nc6 3. Bc4 Nf6 4. Ng5 d5 5. exd5 Na5 6. Bb5+ Bd7 7. Qe2 Bd6 8. Nc3
c6 9. dxc6 Nxc6 10. O-O Nd4 11. Qd3 Bxb5 12. Nxb5 O-O 13. Nxd4 exd4 14. Nf3 Bc5 15.
b3 Qb6 16. Bb2 Rfd8 17. a4 a5 18. Ba3 Bxa3 19. Rxa3 Ng4 20. h3 Nf6 21. Re1 Rd5 22.
Re5 Rxe5 23. Nxe5 Rc8 24. Ra1 Nd5 25. Qf3 Qe6 26. Nc4 b6 27. Qg4 f5 28. Qxd4 g5 29.
c3 Re8 30. Ne3 Nf4 31. Qc4 Qxc4 32. Nxc4 Nd5 33. Kf1 Kg7 34. Re1 Rxe1+ 35. Kxe1 h5
36. Ne3 Ne7 37. b4 axb4 38. cxb4 Kf6 39. a5 b5 40. Ke2 Ke5 41. Kd3 h4 42. g4 fxg4
43. f3 g3 44. Ng2 Nd5  0-1

[Event "3rd 4NCL Easter Congress"]
[Site "Mercure Daventry Court Hotel"]
[Date "2023.04.10"]
[Round "6"]
[Board "1"]
[White "Gilbert, David J"]
[Black "Mokhber-Garcia, Sebastian"]
[Result "0-1"]
[WhiteElo "1552"]
[BlackElo "1537"]
[PlyCount "80"]
[EventDate "2023.04.07"]
[EventRounds "7"]
[EventCountry "ENG"]

1. c4 e5 2. g3 Nf6 3. Bg2 d5 4. cxd5 Nxd5 5. Nf3 Nc6 6. O-O Be6 7. d4 exd4 8. Nxd4
Nxd4 9. Qxd4 c6 10. a3 Nf6 11. Qxd8+ Rxd8 12. Bg5 Be7 13. Be3 a6 14. Bb6 Rc8 15.
Nd2 Nd5 16. Bd4 O-O 17. Rac1 Rfd8 18. Nf3 c5 19. Be5 f6 20. Bc3 Nxc3 21. Rxc3 Bd5
22. Nh4 Bxg2 23. Kxg2 b5 24. Nf5 Kf7 25. Nxe7 Kxe7 26. Rfc1 Kd6 27. Re3 Re8 28. Rd3+
Kc6 29. Rcd1 Rxe2 30. Rd6+ Kb7 31. Rd7+ Rc7 32. R7d2 Rxd2 33. Rxd2 Re7 34. f4 Kc6
35. Kf2 c4 36. Rc2 a5 37. b3 Kc5 38. a4 Kb4 39. axb5 cxb3 40. Rb2 Kc3  0-1

[Event "3rd 4NCL Easter Congress"]
[Site "Mercure Daventry Court Hotel"]
[Date "2023.04.10"]
[Round "6"]
[Board "2"]
[White "Neil, Graham"]
[Black "Gibbs, John"]
[Result "1/2-1/2"]
[WhiteElo "1578"]
[BlackElo "1636"]
[PlyCount "54"]
[EventDate "2023.04.07"]
[EventRounds "7"]
[EventCountry "ENG"]

1. d4 d5 2. Bf4 Nf6 3. Nf3 c5 4. c3 cxd4 5. cxd4 Nc6 6. Qb3 Qa5+ 7. Bd2 Qc7 8. e3
Bg4 9. Be2 e6 10. h3 Bf5 11. O-O Bd6 12. Nc3 a6 13. Rfc1 O-O 14. Be1 b5 15. Qd1 Nb4
16. Nxb5 Qb6 17. Nxd6 Qxd6 18. Bxb4 Qxb4 19. b3 Ne4 20. a3 Qb7 21. b4 Rfc8 22. Qf1
Nc3 23. Bd3 Bxd3 24. Qxd3 Nb5 25. Kh2 Rc7 26. Rc5 Rac8 27. Rb1 Nd6  1/2-1/2

[Event "3rd 4NCL Easter Congress"]
[Site "Mercure Daventry Court Hotel"]
[Date "2023.04.10"]
[Round "6"]
[Board "3"]
[White "Vaidyanathan, Sathya"]
[Black "Dong, Ethan"]
[Result "1-0"]
[WhiteElo "1325"]
[BlackElo "1500"]
[PlyCount "127"]
[EventDate "2023.04.07"]
[EventRounds "7"]
[EventCountry "ENG"]

1. e4 e5 2. Nf3 d6 3. Nc3 Nf6 4. d3 Nc6 5. h3 g6 6. Be2 Bg7 7. Be3 h6 8. a3 a6 9.
Rb1 Bd7 10. O-O O-O 11. Qc1 Kh7 12. Nh2 b6 13. f4 Rh8 14. fxe5 Nxe5 15. Nf3 Nxf3+
16. Bxf3 Be6 17. e5 dxe5 18. Bxa8 Qxa8 19. Qd1 e4 20. Bd4 Nd5 21. Bxg7 Kxg7 22. Nxd5
Bxd5 23. dxe4 Bxe4 24. Qd4+ Kg8 25. Qf6 Bd5 26. Rbd1 Kh7 27. Rxd5 Qxd5 28. Qxf7+
Qxf7 29. Rxf7+ Kg8 30. Rxc7 Rh7 31. Rxh7 Kxh7 32. Kf2 Kg7 33. Ke3 Kf6 34. Kf4 g5+
35. Ke4 Ke6 36. g4 b5 37. b4 Kf6 38. Kd5 Kg6 39. Kc6 h5 40. Kb6 hxg4 41. hxg4 Kf6
42. Kxa6 Ke5 43. Kxb5 Kf4 44. c4 Kxg4 45. c5 Kf3 46. c6 g4 47. c7 g3 48. c8=Q g2
49. Qc1 Kf2 50. Qf4+ Ke1 51. Qg3+ Kf1 52. Qf3+ Kg1 53. Kc4 Kh2 54. Qf2 Kh1 55. Qh4+
Kg1 56. Kd3 Kf1 57. Qf4+ Ke1 58. Qg3+ Kf1 59. Qf3+ Kg1 60. Ke2 Kh2 61. Qf2 Kh1 62.
Qh4+ Kg1 63. Kf3 Kf1 64. Qf2#  1-0

[Event "3rd 4NCL Easter Congress"]
[Site "Mercure Daventry Court Hotel"]
[Date "2023.04.10"]
[Round "6"]
[Board "4"]
[White "De Block, Gert"]
[Black "Fraser, Chris A"]
[Result "1/2-1/2"]
[WhiteElo "1600"]
[BlackElo "1393"]
[PlyCount "82"]
[EventDate "2023.04.07"]
[EventRounds "7"]
[EventCountry "ENG"]

1. e4 c5 2. c3 g6 3. Nf3 Bg7 4. d4 cxd4 5. cxd4 d5 6. exd5 Nf6 7. Nc3 Nxd5 8. Bc4
Nb6 9. Bb3 Nc6 10. Be3 Na5 11. Bc2 Nac4 12. Bc1 O-O 13. O-O Bg4 14. h3 Be6 15. Re1
Nd5 16. Ng5 Nxc3 17. bxc3 Bd5 18. Bf4 Bh6 19. Nxf7 Rxf7 20. Bxh6 e6 21. Qg4 Qf6 22.
Qg3 Rc8 23. h4 Kh8 24. Bg5 Qg7 25. Bf4 Rcf8 26. Be3 Nxe3 27. fxe3 Rf2 28. e4 Rxc2
29. exd5 exd5 30. Rf1 Qe7 31. Rxf8+ Qxf8 32. Qe5+ Kg8 33. Qxd5+ Qf7 34. Qd8+ Qf8
35. Qd5+ Qf7 36. Qxf7+ Kxf7 37. Rb1 b6 38. Rf1+ Ke7 39. Re1+ Kf7 40. Rf1+ Ke7 41.
Re1+ Kf7  1/2-1/2

[Event "3rd 4NCL Easter Congress"]
[Site "Mercure Daventry Court Hotel"]
[Date "2023.04.10"]
[Round "6"]
[Board "5"]
[White "Wright, Benjamin"]
[Black "Reghu, Jyothika Ullukaranparambil"]
[Result "0-1"]
[WhiteElo "1586"]
[BlackElo "1400"]
[PlyCount "78"]
[EventDate "2023.04.07"]
[EventRounds "7"]
[EventCountry "ENG"]

1. d4 Nf6 2. c4 e5 3. dxe5 Ng4 4. Nf3 Bc5 5. e3 Nc6 6. Be2 Ngxe5 7. O-O O-O 8. Nbd2
d6 9. a3 a5 10. Ne4 Bb6 11. b3 Nxf3+ 12. Bxf3 Ne5 13. Bb2 Qe7 14. Qe2 Bf5 15. Rad1
Nxf3+ 16. gxf3 Bxe4 17. fxe4 Qxe4 18. Rd3 Rae8 19. Rfd1 Re6 20. Qh5 Rg6+ 21. Kf1
Qg2+ 22. Ke2 Re8 23. Bd4 Bxd4 24. Rxd4 Rge6 25. R1d3 Rf6 26. Qh4 Qf3+ 27. Kf1 Rxe3
28. Rxe3 Qxe3 29. Re4 Qd3+ 30. Ke1 h6 31. Re8+ Kh7 32. Qe4+ Qxe4+ 33. Rxe4 Re6 34.
f3 Rxe4+ 35. fxe4 Kg6 36. Kf2 Kf6 37. Ke3 Ke5 38. h3 g5 39. Kf3 h5  0-1

[Event "3rd 4NCL Easter Congress"]
[Site "Mercure Daventry Court Hotel"]
[Date "2023.04.10"]
[Round "6"]
[Board "6"]
[White "Morris, Nigel W"]
[Black "Whittington, Reece W"]
[Result "0-1"]
[WhiteElo "1366"]
[BlackElo "1589"]
[PlyCount "60"]
[EventDate "2023.04.07"]
[EventRounds "7"]
[EventCountry "ENG"]

1. Nf3 g6 2. d4 Bg7 3. c4 d6 4. Nc3 Nf6 5. e4 O-O 6. Be2 e5 7. Be3 Nc6 8. d5 Ne7
9. Nd2 Ne8 10. Rc1 f5 11. f3 f4 12. Bf2 Nf6 13. c5 Bd7 14. cxd6 cxd6 15. Nc4 Nc8
16. Qb3 b5 17. Nd2 Rb8 18. a4 a6 19. O-O g5 20. Rc2 g4 21. Kh1 g3 22. Bg1 gxh2 23.
Bf2 Nh5 24. Rfc1 Ng3+ 25. Bxg3 fxg3 26. Nf1 Bh6 27. Ra1 Bf4 28. axb5 Qb6 29. Nd2
Qf2 30. Nf1 Qg1#  0-1

[Event "3rd 4NCL Easter Congress"]
[Site "Mercure Daventry Court Hotel"]
[Date "2023.04.10"]
[Round "6"]
[Board "7"]
[White "Homer, Neil S"]
[Black "Veeturi, Yashvardhan"]
[Result "0-1"]
[WhiteElo "1574"]
[BlackElo "1183"]
[PlyCount "82"]
[EventDate "2023.04.07"]
[EventRounds "7"]
[EventCountry "ENG"]

1. e4 c6 2. d4 d5 3. exd5 cxd5 4. Bd3 Nc6 5. c3 Nf6 6. Bf4 Bg4 7. Qb3 Qd7 8. h3 Bh5
9. Nd2 e6 10. Ngf3 Bd6 11. Bxd6 Qxd6 12. Qxb7 O-O 13. Qb3 Rab8 14. Qc2 Rfc8 15. a3
e5 16. dxe5 Nxe5 17. Nxe5 Qxe5+ 18. Kf1 Re8 19. g4 Bg6 20. Nf3 Bxd3+ 21. Qxd3 Qe4
22. Qxe4 dxe4 23. Nd4 Rxb2 24. Nc6 Rb6 25. Nd4 Rc8 26. Nf5 Rxc3 27. g5 Nd5 28. Rd1
Rd3 29. Re1 Nc3 30. Kg2 Rb2 31. Ne3 Ra2 32. Ra1 Rb2 33. Rhc1 Rxe3 34. h4 Rf3 35.
Rf1 Rf4 36. Rac1 Rb3 37. Rfd1 g6 38. Rd8+ Kg7 39. Rc8 Rf3 40. Rc7 Rxa3 41. Rb7 Ra2
 0-1

[Event "3rd 4NCL Easter Congress"]
[Site "Mercure Daventry Court Hotel"]
[Date "2023.04.10"]
[Round "6"]
[Board "8"]
[White "Jerome, Stellio"]
[Black "Joseph, Tomy"]
[Result "1-0"]
[WhiteElo "1512"]
[BlackElo "1506"]
[PlyCount "124"]
[EventDate "2023.04.07"]
[EventRounds "7"]
[EventCountry "ENG"]

1. g4 d5 2. h3 e5 3. Bg2 Nc6 4. d3 Be6 5. Nd2 Bc5 6. e4 Qh4 7. Qe2 Nd4 8. Ndf3 Nxe2
9. Nxh4 Nxc1 10. Rxc1 d4 11. Nhf3 f6 12. a3 Ne7 13. Ne2 Ng6 14. Kd2 Be7 15. Rcg1
c5 16. Bf1 c4 17. h4 cxd3 18. cxd3 Nf8 19. Bh3 h6 20. Rc1 Bd6 21. Ne1 Nd7 22. f4
Nc5 23. Rd1 Rc8 24. Ng2 Nb3+ 25. Ke1 O-O 26. Kf2 Rc2 27. f5 Bf7 28. Rb1 Rfc8 29.
Ne1 R2c7 30. Nf3 b5 31. Rhd1 a5 32. g5 Kf8 33. g6 Bg8 34. Nd2 a4 35. Nxb3 Bxb3 36.
Rd2 b4 37. Bg4 bxa3 38. bxa3 Bxa3 39. Ng3 Bb4 40. Rdb2 Rc2+ 41. Be2 Ba3 42. Rxb3
axb3 43. Rxb3 Bc1 44. Rb7 Be3+ 45. Kf3 R2c7 46. Rb2 Ke8 47. Nh5 Kf8 48. Kg4 Bc1 49.
Rb6 Ba3 50. Kg3 Kg8 51. Nxf6+ gxf6 52. Rxf6 Rf8 53. Rc6 Re7 54. Ra6 Rd7 55. Rxa3
Rf6 56. Bd1 Kg7 57. Bb3 Rdd6 58. Bf7 Rd8 59. Ra7 Kf8 60. Be6 Rxe6 61. fxe6 Kg8 62.
Rf7 Re8  1-0

[Event "3rd 4NCL Easter Congress"]
[Site "Mercure Daventry Court Hotel"]
[Date "2023.04.10"]
[Round "6"]
[Board "9"]
[White "Craddock-Monroe, Harvey"]
[Black "Robinson, Martyn"]
[Result "1-0"]
[WhiteElo "1545"]
[BlackElo "1639"]
[PlyCount "57"]
[EventDate "2023.04.07"]
[EventRounds "7"]
[EventCountry "ENG"]

1. e4 c5 2. c3 Nc6 3. d3 Nf6 4. f4 d6 5. Nf3 Bg4 6. Be2 Qc7 7. O-O e6 8. Na3 a6 9.
Nc4 Be7 10. Ne3 Bxf3 11. Rxf3 O-O-O 12. a4 d5 13. e5 Nd7 14. d4 f5 15. dxc5 Nxc5
16. b4 Ne4 17. Qb3 Na7 18. c4 d4 19. Nc2 Nc3 20. Bd3 Qd7 21. Bb2 Ne4 22. Rd1 Nc6
23. c5 g5 24. Bc4 Qc7 25. Bxe6+ Kb8 26. Bxf5 gxf4 27. Bxe4 Qxe5 28. Bxc6 bxc6 29.
Nxd4  1-0

[Event "3rd 4NCL Easter Congress"]
[Site "Mercure Daventry Court Hotel"]
[Date "2023.04.10"]
[Round "6"]
[Board "10"]
[White "Buckell, David J"]
[Black "Shivakumar, Akshath"]
[Result "1-0"]
[WhiteElo "1504"]
[BlackElo "1408"]
[PlyCount "163"]
[EventDate "2023.04.07"]
[EventRounds "7"]
[EventCountry "ENG"]

1. c4 e5 2. e3 d6 3. Nc3 f5 4. g3 Nf6 5. Bg2 Nbd7 6. Nge2 g6 7. d3 Bg7 8. O-O O-O
9. Rb1 Rb8 10. b4 b6 11. Bd2 Bb7 12. Nd5 Nxd5 13. cxd5 Nf6 14. e4 fxe4 15. dxe4 c6
16. dxc6 Bxc6 17. Nc3 d5 18. Qb3 Kh8 19. exd5 Bb7 20. Bg5 Qd7 21. Rbd1 Rf7 22. Bxf6
Bxf6 23. Ne4 Rbf8 24. Rd2 Qd8 25. Rfd1 Bg5 26. Nxg5 Qxg5 27. Qb2 Qh5 28. Re1 Rf5
29. f4 Re8 30. Rde2 Ba6 31. b5 Bc8 32. fxe5 Kg8 33. e6 Rxd5 34. Bxd5 Qxd5 35. Re5
Qf3 36. e7 Qa8 37. Qb3+ Kh8 38. Rf1 Bh3 39. Rf2 Qc8 40. Qb2 Kg8 41. Qd2 Qc4 42. Qd5+
Qxd5 43. Rxd5 Rxe7 44. Rd1 Bd7 45. a4 Be6 46. Re1 Kg7 47. h4 Kg8 48. Rf4 Re8 49.
g4 Re7 50. g5 Re8 51. Rf6 Bf7 52. Rxe8+ Bxe8 53. Kf2 Bf7 54. Rf4 Kf8 55. Ke3 Ke7
56. Kd4 Ke6 57. Rf6+ Ke7 58. Kc3 Be6 59. Rf4 Bd7 60. Kd4 Bf5 61. Ke5 Bh3 62. Rd4
Bd7 63. Rxd7+ Kxd7 64. Kf6 Kd6 65. Kg7 Kc5 66. Kxh7 Kb4 67. Kxg6 Kxa4 68. Kf7 Kxb5
69. g6 a5 70. g7 a4 71. g8=Q a3 72. Qe8+ Kb4 73. Qe1+ Kb3 74. Qa1 b5 75. h5 b4 76.
h6 a2 77. h7 Ka3 78. h8=Q b3 79. Qhb2+ Ka4 80. Qd1 a1=Q 81. Qdxb3+ Ka5 82. Qb5#  1-0

[Event "3rd 4NCL Easter Congress"]
[Site "Mercure Daventry Court Hotel"]
[Date "2023.04.10"]
[Round "6"]
[Board "11"]
[White "Tomy, Jake"]
[Black "Maher, Mike P"]
[Result "1/2-1/2"]
[WhiteElo "1306"]
[BlackElo "1594"]
[PlyCount "47"]
[EventDate "2023.04.07"]
[EventRounds "7"]
[EventCountry "ENG"]

1. e4 c6 2. Nc3 d5 3. Nf3 Bg4 4. h3 Bxf3 5. Qxf3 e6 6. d4 Bb4 7. Bd3 dxe4 8. Qxe4
Nf6 9. Qh4 Qd5 10. O-O Bxc3 11. bxc3 Nbd7 12. Ba3 Nb6 13. Qg3 O-O-O 14. c4 Nxc4 15.
Bxc4 Qxc4 16. Qxg7 Qxd4 17. Be7 Ne4 18. Qxd4 Rxd4 19. f3 Rd7 20. Bb4 Ng3 21. Rfe1
Rhd8 22. Kf2 Nf5 23. g4 Nd4 24. Rac1  1/2-1/2

[Event "3rd 4NCL Easter Congress"]
[Site "Mercure Daventry Court Hotel"]
[Date "2023.04.10"]
[Round "6"]
[Board "12"]
[White "Duffell, Andrew"]
[Black "Dhingra, Kanvansh"]
[Result "1-0"]
[WhiteElo "1383"]
[BlackElo "1420"]
[PlyCount "65"]
[EventDate "2023.04.07"]
[EventRounds "7"]
[EventCountry "ENG"]

1. d4 d5 2. c4 e6 3. Nc3 c6 4. e4 dxe4 5. Nxe4 Nf6 6. Nxf6+ Qxf6 7. Nf3 Bb4+ 8. Bd2
a5 9. a3 Bxd2+ 10. Qxd2 O-O 11. Bd3 Na6 12. O-O b6 13. Rfe1 Bb7 14. Be4 Rfd8 15.
Rad1 Rac8 16. Qc2 h6 17. Qe2 Nc7 18. Rd2 Ne8 19. Red1 Nd6 20. Bb1 Nf5 21. Qe5 Qxe5
22. dxe5 Rxd2 23. Rxd2 Rc7 24. Rd8+ Kh7 25. g4 g6 26. gxf5 gxf5 27. Nd4 b5 28. c5
Kg6 29. Kg2 Kg5 30. Kg3 Re7 31. Rg8+ Kh5 32. Bc2 f4+ 33. Kh3  1-0

[Event "3rd 4NCL Easter Congress"]
[Site "Mercure Daventry Court Hotel"]
[Date "2023.04.10"]
[Round "6"]
[Board "13"]
[White "Sartain, Patrick P"]
[Black "D'Agnese, Mattiangelo"]
[Result "0-1"]
[WhiteElo "1424"]
[BlackElo "1402"]
[PlyCount "108"]
[EventDate "2023.04.07"]
[EventRounds "7"]
[EventCountry "ENG"]

1. e4 e6 2. Nc3 d5 3. exd5 exd5 4. d4 c6 5. Be2 Bd6 6. Nf3 Bf5 7. O-O Nf6 8. Re1
O-O 9. Bd3 Bxd3 10. Qxd3 Nbd7 11. Bg5 Qc7 12. Ne2 Ne4 13. g3 Nxg5 14. Nxg5 Nf6 15.
Qf3 Qd7 16. Kg2 Rae8 17. c3 Re7 18. Nf4 Rfe8 19. Rxe7 Qxe7 20. Nh5 Ne4 21. Nxe4 Qxe4
22. Qxe4 Rxe4 23. Kf3 f5 24. h3 Kf7 25. Nf4 g5 26. Nd3 g4+ 27. hxg4 fxg4+ 28. Kg2
Re2 29. Re1 Rxe1 30. Nxe1 b5 31. b3 a5 32. Nd3 b4 33. cxb4 axb4 34. Kf1 Kf6 35. Ke2
h5 36. f4 gxf3+ 37. Kxf3 Kf5 38. Nf2 c5 39. dxc5 Bxc5 40. Nd3 Bd6 41. Ne1 Ke5 42.
Nd3+ Kd4 43. Nb2 Kc3 44. Nd1+ Kd2 45. Ne3 Bxg3 46. Nf1+ Kc3 47. Kxg3 d4 48. Kf3 d3
49. Ne3 Kb2 50. Nd5 d2 51. Ke2 Kc1 52. Ne3 h4 53. Kf2 d1=N+ 54. Nxd1 Kxd1  0-1

[Event "3rd 4NCL Easter Congress"]
[Site "Mercure Daventry Court Hotel"]
[Date "2023.04.10"]
[Round "6"]
[Board "14"]
[White "Ashworth, Steven M"]
[Black "Sahoo, Shivam"]
[Result "1/2-1/2"]
[WhiteElo "1434"]
[BlackElo "1377"]
[PlyCount "106"]
[EventDate "2023.04.07"]
[EventRounds "7"]
[EventCountry "ENG"]

1. g4 d5 2. Bg2 Bxg4 3. c4 Nf6 4. Qb3 Qc8 5. cxd5 c6 6. Nc3 e6 7. dxc6 Nxc6 8. Nh3
Bd6 9. O-O Qb8 10. Bxc6+ bxc6 11. Qxb8+ Rxb8 12. Kg2 Be5 13. f3 Bxh3+ 14. Kxh3 Rg8
15. f4 Bc7 16. e4 h6 17. d4 Ba5 18. e5 Nd7 19. Ne4 Bb4 20. a3 Be7 21. b4 f5 22. exf6
Nxf6 23. Nc5 Bxc5 24. dxc5 Ke7 25. Bb2 Nd5 26. Rae1 Kd7 27. f5 exf5 28. Rxf5 Rb7
29. Rf7+ Kc8 30. Rxb7 Kxb7 31. Rf1 Ka6 32. Rf7 g5 33. Rg7 Nf4+ 34. Kg4 h5+ 35. Kg3
Rxg7 36. Bxg7 Kb5 37. Bh6 Ne2+ 38. Kf2 Nf4 39. Kf3 Ne6 40. Ke4 g4 41. Be3 Ka4 42.
Ke5 Nc7 43. Kd6 Nb5+ 44. Kxc6 Nxa3 45. Bd2 Nb5 46. Kb7 h4 47. Be1 g3 48. hxg3 hxg3
49. Bxg3 Kxb4 50. c6 a5 51. Be1+ Ka4 52. Bxa5 Kxa5 53. c7 Nxc7  1/2-1/2

[Event "3rd 4NCL Easter Congress"]
[Site "Mercure Daventry Court Hotel"]
[Date "2023.04.10"]
[Round "6"]
[Board "15"]
[White "Smith, Adam"]
[Black "Goldsmith, Jennifer"]
[Result "1-0"]
[WhiteElo "1598"]
[BlackElo "1281"]
[PlyCount "20"]
[EventDate "2023.04.07"]
[EventRounds "7"]
[EventCountry "ENG"]

1. e4 c6 2. Nf3 d5 3. Nc3 Bg4 4. h3 Bxf3 5. Qxf3 e5 6. exd5 Nf6 7. Bc4 cxd5 8. Nxd5
Nbd7 9. Nxf6+ Nxf6 10. Qxb7 Qc8  1-0